Profil pelaburan dalam industri buah-buahan
| Format: | Book |
|---|---|
| Published: |
Institut penyelidikan dan kemajuan pertanian Malaysia (mardi)
|
MARC
| LEADER | 00000cam a2200000 7i4500 | ||
|---|---|---|---|
| 001 | 0000060664 | ||
| 005 | 20160307.0 | ||
| 008 | 160307 | ||
| 090 | 0 | 0 | |a 634 |b PRO |
| 245 | 0 | 0 | |a Profil pelaburan dalam industri buah-buahan |
| 260 | |b Institut penyelidikan dan kemajuan pertanian Malaysia (mardi) | ||
| 999 | |a 0000170498 |b Book |c Adult Collection |e Cawangan Pontian | ||
| 999 | |a 0000170500 |b Book |c Adult Collection |e Cawangan Muar | ||